书目信息 |
| 题名: |
篮球运动基本理论与实践研究
|
|
| 作者: | 谭朕斌 著 | |
| 分册: | ||
| 出版信息: | 北京 北京体育大学出版社 2007 |
|
| 页数: | 248页 | |
| 开本: | 24cm | |
| 丛书名: | 中国体育博士文丛 | |
| 单 册: | ||
| 中图分类: | G841.3 | |
| 科图分类: | ||
| 主题词: | 篮球运动--研究 , 篮球运动 | |
| 电子资源: | ||
| ISBN: | 978-7-81100-675-9 | |
| 000 | 01043oam2 2200277 450 | |
| 001 | 003392988 | |
| 005 | 20070924150943.90 | |
| 010 | @a978-7-81100-675-9@dCNY43.00,CNY63.00(精装) | |
| 100 | @a20070226d2007 kemy0chiy0110 ea | |
| 101 | 0 | @achi |
| 102 | @aCN@b110000 | |
| 105 | @aa z 000yy | |
| 106 | @ar | |
| 200 | 1 | @a篮球运动基本理论与实践研究@9lan qiu yun dong ji ben li lun yu shi jian yan jiu@f谭朕斌著 |
| 210 | @a北京@c北京体育大学出版社@d2007 | |
| 215 | @a248页@c照片@d24cm | |
| 225 | 2 | @a中国体育博士文丛 |
| 300 | @a首都体育学院 北京市重点学科体育教育训练学资助项目 | |
| 330 | @a本书主要就篮球运动的起源、篮球运动的竞技规律、篮球运动员和教练员的哲学、篮球运动员的体能训练、心理训练等篮球运动的基本理论及实践问题做了较深入的探索,从不同的角度对篮球运动的基本理论与实践问题提出了诸多新的观点和新的思想。 | |
| 461 | 0 | @12001 @a中国体育博士文丛 |
| 606 | 0 | @a篮球运动@x研究 |
| 606 | 0 | @a篮球运动 |
| 690 | @aG841.3@v4 | |
| 701 | 0 | @a谭朕斌@9tan zhen bin@f(1964~)@4著 |
| 801 | 0 | @aCN@bNLC@c20070924 |
| 905 | @dG841.3@e311 | |
| 篮球运动基本理论与实践研究/谭朕斌著.-北京:北京体育大学出版社,2007 |
| 248页:照片;24cm.-(中国体育博士文丛) |
| 首都体育学院 北京市重点学科体育教育训练学资助项目 |
| ISBN 978-7-81100-675-9:CNY43.00,CNY63.00(精装) |
| 本书主要就篮球运动的起源、篮球运动的竞技规律、篮球运动员和教练员的哲学、篮球运动员的体能训练、心理训练等篮球运动的基本理论及实践问题做了较深入的探索,从不同的角度对篮球运动的基本理论与实践问题提出了诸多新的观点和新的思想。 |
| ● |
| 相关链接 |
|
|
|
|
正题名:篮球运动基本理论与实践研究
索取号:G841.3/311
 
预约/预借
| 序号 | 登录号 | 条形码 | 馆藏地/架位号 | 状态 | 备注 |
| 1 | 0626531 | 206265316 | 第一样本阅览室/ [索取号:G841.3/311] | 在馆 | |
| 2 | 0626532 | 206265325 | 第四借阅区/ [索取号:G841.3/311] | 在馆 | |
| 3 | 0626533 | 206265334 | 第四借阅区/ [索取号:G841.3/311] | 在馆 | |
| 4 | 0626534 | 206265343 | 第四借阅区/ [索取号:G841.3/311] | 在馆 | |
| 5 | 0626535 | 206265352 | 第四借阅区/ [索取号:G841.3/311] | 在馆 |